000 01052nam a2200241Ia 4500
001 914.563 2-ESC ma ch (19555)
003 IT-MiSPE
008 171229s9999||||xx |||||||||||||| ||und||
040 _aIT-MiSPE
_cIT-MiSPE
041 _aITALIANO
100 _aMario Escobar
245 0 _aLe chiese sconosciute di Roma
250 _a1a ed. (v)
260 _aRoma
_bNewton Compton
_c1988
300 _a319 p.
_c22 cm
490 _aQuest'Italia: Storia, arte e folclore
_v125
500 _aRoma - Arte religiosa
501 _aEdizioni San Paolo srl - Piazza Soncino, 5 - 20092 CINISELLO BALSAMO (MI) (non commercial uses only) ® Copyright 2018
520 _aIll.
942 _cBK
957 _71
999 _a5962
_bNO
_g Copie: 1
_c356090
_d356090